Rozpornosti vývoja slovenskej ekonomiky i tranzitívnych ekonomík
Problémy transformácie hospodárstva SR a iných východných ekonomík. Zahraničný kapitál investoval hlavne do obchodných a sprostredkovateľských služieb. Vlády chcú riešiť problémy bánk privatizáciou. Reštriktívna rozpočtová politika. Nevyužité vnútorné rezervy. Neefektívne využitie príjmov z privatiz...
Salvato in:
| Autore principale: | |
|---|---|
| Altri autori: | |
| Natura: | Capitolo di libro |
| Lingua: | slovacco |
| Soggetti: | |
| Tags: |
Nessun Tag, puoi essere il primo ad aggiungerne!!
|
MARC
| LEADER | 00000naa a2200000 4500 | ||
|---|---|---|---|
| 001 | r021513 | ||
| 005 | 20230921075237.0 | ||
| 041 | 0 | |a slo | |
| 044 | |a SK | ||
| 245 | 1 | 0 | |a Rozpornosti vývoja slovenskej ekonomiky i tranzitívnych ekonomík |c P. Stanek, J. Černá |
| 520 | |a Problémy transformácie hospodárstva SR a iných východných ekonomík. Zahraničný kapitál investoval hlavne do obchodných a sprostredkovateľských služieb. Vlády chcú riešiť problémy bánk privatizáciou. Reštriktívna rozpočtová politika. Nevyužité vnútorné rezervy. Neefektívne využitie príjmov z privatizácie. Nedostatočné zahraničné zdroje. Krajiny strednej a východnej Európy si namiesto spolupráce navzájom konkurujú. | ||
| 610 | 2 | 0 | |a Slovensko |
| 610 | 2 | 0 | |a SVE |
| 610 | 2 | 0 | |a vývoj hospodársky |
| 610 | 2 | 0 | |a politika rozpočtová |
| 610 | 2 | 0 | |a transformácia |
| 610 | 2 | 0 | |a investície zo zahraničia |
| 610 | 2 | 0 | |a privatizácia |
| 610 | 2 | 0 | |a banky |
| 610 | 2 | 0 | |a rezervy hospodárske |
| 100 | 1 | |a Staněk, Peter | |
| 700 | 1 | |a Černá, J. | |